Introduction to the EASE 2016 special section: Evidence-based software engineering: Past, present, and future (Record no. 347471)
[ view plain ]
| 000 -LEADER | |
|---|---|
| fixed length control field | 00520nam a2200133Ia 4500 |
| 008 - FIXED-LENGTH DATA ELEMENTS--GENERAL INFORMATION | |
| fixed length control field | 171207s9999 xx 000 0 und d |
| 100 ## - MAIN ENTRY--PERSONAL NAME | |
| Personal name | Beecham, Sarah |
| 245 ## - TITLE STATEMENT | |
| Title | Introduction to the EASE 2016 special section: Evidence-based software engineering: Past, present, and future |
| 245 ## - TITLE STATEMENT | |
| Statement of responsibility, etc | Sarah Beecham, David Bowes, Klaas-Jan Stol |
| 260 ## - PUBLICATION, DISTRIBUTION, ETC. (IMPRINT) | |
| Date of publication, distribution, etc | 2017 |
| 300 ## - PHYSICAL DESCRIPTION | |
| Extent | pages 14-18, September 2017 |
| 440 ## - SERIES STATEMENT/ADDED ENTRY--TITLE | |
| Title | Information and Software Technology |
| Volume number/sequential designation | 89: |
| 650 ## - SUBJECT ADDED ENTRY--TOPICAL TERM | |
| Topical term or geographic name as entry element | Evidence-based software engineering, Empirical research |
| Withdrawn status | Lost status | Damaged status | Home library | Current library | Date acquired | Total Checkouts | Date last seen | Price effective from | Koha item type |
|---|---|---|---|---|---|---|---|---|---|
| College Library | College Library | 12/07/2017 | 12/07/2017 | 12/07/2017 | Periodicals |